000 01847nam0a22003491 4500
001 rc\4147778
005 20250611110531.0
021 _aRU
_b[48-5154]
035 _a(NLR Aleph) 008167752
090 _a7834676
_c7834676
100 _a20130415d1947 |||y0rusy50 ca
101 0 _arus
102 _aRU
105 _aa g |||||
200 1 _aСправочник по печатным краскам и вспомогательным материалам
_fСост. Б.И. Березин, М.И. Борисов, А.А. Лебедев, С.В. Эмдин
_gПод ред. Г.А. Гуревича
_gВсесоюз. науч. инж.-техн. о-во полиграфии и изд-в. Гос. трест "Полиграф" ОГИЗ'а при Совете министров СССР
210 _a[Москва
_cВНИТО полиграфии и изд-в]
_d1947
_g16-я тип. треста "Полиграфкнига"
215 _a206 с.
_cил.
_d17
320 _aАлф.-предм. указатель, с. 195-201
606 _aПолиграфическое производство
_xМатериаловедение
_jСправочники
_2psbo
606 _aПечатные краски
_jСправочники
_2psbo
702 1 _aЭмдин
_bС.В.
_4220
702 1 _aГуревич
_bГ.А.
_4340
702 1 _aБорисов
_bМ.И.
_4220
702 1 _4220
_7ca
_8rus
_aБерезин
_bБ. И.
_cканд. техн. наук
_gБорис Иванович
_9239716
_3RU\NLR\AUTH\770239772
702 1 _aЛебедев
_bА.А.
_4220
712 0 2 _aВсесоюзный науч. инж.-техн. о-во полиграфии и издательств
712 0 2 _a"Полиграф", трест (Москва)
801 0 _aRU
_bNLR
_gpsbo
801 1 _aRU
_bELAR
_2rusmarc
852 _aNLR
_jТ70 Г-1/3
942 _cBOOK
980 _aNB